Real Countries Sudden Death - Statistics

General Stats
  • This quiz has been taken 111 times
  • The average score is 10 of 15
Answers on the Grid
Answers color-coded by a green-red scale on the quiz's grid according to % correct below.
Costa Rica
Puerto Rico
Saint Kitts
Saint Vincent
Saint Martin
Soloman Islands
Bouvet Island
Marshall Islands
Northern Mariana Islands
American Samoa
Guam
Samoa
Western Sahara
Jamaica
Greenland
Hong Kong
Dominica
New Caledonia
Turkmenistan
Turks and Caicos Islands
Haiti
Cuba
Faroe Islands
Brunei
Anguilla
U.S. Virgin Islands
Tuvalu
Sao Tome and Principe
Aland
Lebanon
 
Answer Stats
Answer % Correct
Costa Rica
96%
Jamaica
72%
Cuba
70%
Marshall Islands
70%
Brunei
67%
Soloman Islands
67%
Turkmenistan
67%
Dominica
65%
Haiti
65%
Lebanon
65%
Saint Kitts
65%
Samoa
65%
Tuvalu
65%
Saint Vincent
63%
Sao Tome and Principe
61%
No matching quizzes found
Score Distribution
Percent of People with Each Score
Percentile by Number Answered
Your Score History
You have not taken this quiz